|
|
|
|
| LEADER |
00722nab a2200193 i 4500 |
| 001 |
misc9731 |
| 005 |
20191106143421.0 |
| 008 |
170607s1917 hu o 0|| hun d |
| 022 |
|
|
|a 0025-0260
|
| 040 |
|
|
|a SZTE Miscellanea Repozitórium
|b hun
|
| 041 |
|
|
|a hun
|
| 100 |
1 |
|
|a Snašel Ferenc
|
| 245 |
1 |
2 |
|a A magyar kisgazdaosztály nevelése
|h [elektronikus dokumentum] /
|c Snašel Ferenc
|
| 260 |
|
|
|c 1917
|
| 300 |
|
|
|a 180-184
|
| 490 |
0 |
|
|a Magyar pedagógia : a Magyar Tudományos Akadémia Pedagógiai Bizottságának folyóirata
|v 26
|
| 695 |
|
|
|a Pedagógia - könyvismertetés, Kisgazdaosztály nevelése
|
| 700 |
0 |
1 |
|a Czettler Jenő
|e aut
|
| 856 |
4 |
0 |
|u http://misc.bibl.u-szeged.hu/9731/1/mp_1917_2476_180-184.pdf
|z Dokumentum-elérés
|